The Tao of power : a translation of the Tao te ching by Lao Tzu

Αποθηκεύτηκε σε:
Λεπτομέρειες βιβλιογραφικής εγγραφής
Κύριος συγγραφέας: Laozi
Άλλοι συγγραφείς: Wing, R. L. (Μεταφραστής)
Μορφή: Βιβλίο
Γλώσσα:English
Chinese
Δημοσίευση: Garden City, N.Y. : Doubleday, 1986
Έκδοση:1st ed
Θέματα:
Ετικέτες: Προσθήκη ετικέτας
Δεν υπάρχουν, Καταχωρήστε ετικέτα πρώτοι!

MARC

LEADER 00000nam a2200000 i 4500
001 1/74870
008 980623s1986 eng d
020 |a 0-385-19637-7 
035 |l 10031965 
040 |a GR-MY-UA  |b gre  |e aacr 
041 0 |a eng  |a chi 
082 0 |a 299.51482  |2 (19) 
100 1 |a Laozi. 
245 1 4 |a The Tao of power :  |b a translation of the Tao te ching by Lao Tzu /  |c by R.L. Wing 
246 3 3 |a Tao te ching 
250 |a 1st ed 
260 |a Garden City, N.Y. :   |b Doubleday,   |c 1986 
300 |a 23, 81 [i.e. 162] p.;  |b ill.;  |c 28 cm 
500 |a Chinese text with English translation and commentary 
500 |a Title on added t.p. in Chinese characters: Tao te ching 
500 |a "A Dophin book" 
600 1 0 |a Laozi. 
700 1 |a Wing, R. L.  |4 trl 
852 |a INST  |b RHODES  |e 19980623  |h 299.51482 LAO  |p 005400005266  |q 005400005266  |t BK  |y 0 
909 |a Ρ  |b 042200